000 00721nam a2200217Ia 4500
005 20241129104234.0
008 241129s9999||||xx |||||||||||||| ||und||
020 _a9781800378896
037 _aReference
040 _aRTL
_beng
_cRTL
041 _aeng
_2eng
084 _aX:(D6,9(B) R3/RR
_qRTL
100 _aCennamo Carmelo; Dagnino Giovanni Battista; Zhu Feng
_9725384
245 0 _aRESEARCH HANDBOOK on digital strategy
_cCennamo Carmelo; Dagnino Giovanni Battista; Zhu Feng
260 _aCheltenham
_bEdward Elgar Publishing
_c2023
300 _aviii,420p.
365 _aINR
_b21474
650 _aDigital Transformation
_9725385
942 _cRef
_hX:(D6,9(B) R3/RR
999 _c1225019
_d1225019